[Event "Catalunya-chT Gp1"]
[Site "Barcelona"]
[Date "2024.02.17"]
[Round "5.4"]
[White "Moskalenko, Viktor"]
[Black "Alonso Garcia, Rene Marcial"]
[Result "1-0"]
[WhiteElo "2416"]
[BlackElo "2295"]
[PlyCount "89"]
[EventDate "2024.01.20"]
[EventType "team-tourn"]
[EventRounds "7"]
[EventCountry "ESP"]
[SourceTitle "CB11_2024"]
[SourceDate "2024.03.13"]
[SourceVersion "1"]
[SourceVersionDate "2024.03.13"]
[SourceQuality "1"]
[WhiteTeam "Colon Sabadell"]
[BlackTeam "Cerdanyola Valles"]
[WhiteTeamCountry "ESP"]
[BlackTeamCountry "ESP"]

1. d4 Nf6 2. c4 g6 3. Nc3 d5 4. cxd5 Nxd5 5. Bd2 c5 6. e4 Nxc3 7. Bxc3 cxd4 8. Qxd4 Qxd4 9. Bxd4 Rg8 10. Nf3 Nc6 11. Bc3 Bg7 12. Rc1 Be6 13. Bb5 Bh6 14. Bd2 Bxd2+ 15. Kxd2 Bd7 16. Ke3 f6 17. Bxc6 Bxc6 18. Nd4 Rc8 19. Nxc6 bxc6 20. Rhd1 Rc7 21. Rc5 Kf7 22. b4 Rb8 23. a3 Rb5 24. Rdc1 Rxc5 25. Rxc5 Ke6 26. h4 Kd7 27. g4 Rb7 28. Ra5 Kc7 29. Ra6 Kd7 30. Kd4 Kd6 31. g5 e5+ 32. Ke3 f5 33. exf5 gxf5 34. f4 e4 35. h5 Rg7 36. Ra5 Rf7 37. g6 hxg6 38. hxg6 Rg7 39. Rxf5 Rxg6 40. Kxe4 Rg3 41. Ra5 Rg7 42. Kf5 Rf7+ 43. Kg5 Rh7 44. f5 Rg7+ 45. Kf6 1-0

[Event "Catalunya-chT Gp2 Final"]
[Site "Barcelona"]
[Date "2023.03.11"]
[Round "1.3"]
[White "Ribera Veganzones, Serni"]
[Black "Alonso Garcia, Rene Marcial"]
[Result "1/2-1/2"]
[WhiteElo "2195"]
[BlackElo "2304"]
[PlyCount "76"]
[EventDate "2023.03.11"]
[EventType "team-k.o."]
[EventRounds "4"]
[EventCountry "ESP"]
[SourceTitle "EXT 2024"]
[Source "ChessBase"]
[SourceDate "2023.10.10"]
[SourceVersion "1"]
[SourceVersionDate "2023.10.10"]
[SourceQuality "1"]
[WhiteTeam "Andorra"]
[BlackTeam "Cerdanyola Valles"]
[WhiteTeamCountry "AND"]
[BlackTeamCountry "ESP"]

1. Nf3 Nf6 2. c4 g6 3. Nc3 Bg7 4. e4 d6 5. d4 0-0 6. Be2 e5 7. 0-0 Nc6 8. Be3 Ng4 9. Bg5 f6 10. Bc1 Nh6 11. Re1 exd4 12. Nxd4 Nxd4 13. Qxd4 f5 14. Qd5+ Kh8 15. Be3 f4 16. Bd4 Nf7 17. Bxg7+ Kxg7 18. c5 Qf6 19. cxd6 Rd8 20. Red1 Rxd6 21. Qc5 Rxd1+ 22. Rxd1 c6 23. Qb4 b6 24. a4 Be6 25. a5 Rb8 26. f3 Qe5 27. a6 Qc5+ 28. Qxc5 bxc5 29. Rd2 c4 30. g3 g5 31. gxf4 gxf4 32. Kg2 Kf6 33. Bf1 Ke5 34. Ne2 c5 35. Nc3 Nd6 36. Nd5 Rb3 37. Kf2 Bf7 38. Be2 Be6 1/2-1/2

[Event "Catalunya-chT Gp2"]
[Site "Barcelona"]
[Date "2023.03.04"]
[Round "7.3"]
[White "Alonso Garcia, Rene Marcial"]
[Black "Kozlov, Gennady"]
[Result "0-1"]
[WhiteElo "2325"]
[BlackElo "2371"]
[PlyCount "90"]
[EventDate "2023.01.21"]
[EventType "team-tourn"]
[EventRounds "7"]
[EventCountry "ESP"]
[SourceTitle "CBM 213 Extra"]
[Source "ChessBase"]
[SourceDate "2023.05.31"]
[SourceVersion "1"]
[SourceVersionDate "2023.05.31"]
[SourceQuality "1"]
[WhiteTeam "Cerdanyola Valles"]
[BlackTeam "Platja D'Aro"]
[WhiteTeamCountry "ESP"]
[BlackTeamCountry "ESP"]

1. e4 c6 2. c4 d5 3. exd5 cxd5 4. cxd5 Nf6 5. Qa4+ Nbd7 6. Nc3 g6 7. Nf3 Bg7 8. Bc4 0-0 9. d3 a6 10. Qa3 b6 11. 0-0 Bb7 12. Re1 b5 13. Bb3 Nb6 14. Qxe7 Qxe7 15. Rxe7 Bxd5 16. Nxd5 Nfxd5 17. Rb7 Rfb8 18. Rxb8+ Rxb8 19. d4 Nc4 20. a4 Nb4 21. axb5 axb5 22. Bxc4 bxc4 23. Ra4 Nd3 24. Rxc4 Ra8 25. d5 Ra1 26. Rc8+ Bf8 27. d6 Nxc1 28. Kf1 Nd3+ 29. Ke2 Nf4+ 30. Ke3 Nd5+ 31. Ke2 Nf6 32. Ne5 Ra5 33. Nc6 Rb5 34. Rd8 Rb6 35. d7 Nxd7 36. Ne7+ Kg7 37. Nf5+ gxf5 38. Rxd7 Rxb2+ 39. Kf3 Bc5 40. Rd5 Rxf2+ 41. Kg3 Be3 42. Kh3 f4 43. Rd6 f3 44. gxf3 Rxf3+ 45. Kg2 Rf2+ 0-1

[Event "Catalunya-chT Gp2"]
[Site "Barcelona"]
[Date "2023.02.18"]
[Round "5.3"]
[White "Dominguez Pons, Eric"]
[Black "Alonso Garcia, Rene Marcial"]
[Result "1/2-1/2"]
[WhiteElo "2340"]
[BlackElo "2325"]
[PlyCount "24"]
[EventDate "2023.01.21"]
[EventType "team-tourn"]
[EventRounds "7"]
[EventCountry "ESP"]
[SourceTitle "CBM 213 Extra"]
[Source "ChessBase"]
[SourceDate "2023.05.31"]
[SourceVersion "1"]
[SourceVersionDate "2023.05.31"]
[SourceQuality "1"]
[WhiteTeam "Sant Andreu"]
[BlackTeam "Cerdanyola Valles"]
[WhiteTeamCountry "ESP"]
[BlackTeamCountry "ESP"]

1. e4 c5 2. Nc3 g6 3. g3 Bg7 4. Bg2 Nc6 5. d3 d6 6. Be3 Rb8 7. Qd2 b5 8. Nge2 Nd4 9. 0-0 e6 10. Nd1 b4 11. f4 Ne7 12. g4 f5 1/2-1/2

[Event "Catalunya-chT Gp2"]
[Site "Barcelona"]
[Date "2023.02.04"]
[Round "3.3"]
[White "Moskalenko, Viktor"]
[Black "Alonso Garcia, Rene Marcial"]
[Result "1-0"]
[WhiteElo "2434"]
[BlackElo "2325"]
[PlyCount "101"]
[EventDate "2023.01.21"]
[EventType "team-tourn"]
[EventRounds "7"]
[EventCountry "ESP"]
[SourceTitle "CBM 213 Extra"]
[Source "ChessBase"]
[SourceDate "2023.05.31"]
[SourceVersion "1"]
[SourceVersionDate "2023.05.31"]
[SourceQuality "1"]
[WhiteTeam "Colon Sabadell"]
[BlackTeam "Cerdanyola Valles"]
[WhiteTeamCountry "ESP"]
[BlackTeamCountry "ESP"]

1. d4 d5 2. Bf4 c5 3. e3 cxd4 4. exd4 Nc6 5. c3 f6 6. Nf3 g5 7. Bg3 Bg7 8. h3 Nh6 9. c4 0-0 10. cxd5 Nb4 11. Nc3 Nxd5 12. Qb3 e6 13. Bc4 Re8 14. 0-0 Nb6 15. Bd3 Kh8 16. Rfe1 Bd7 17. a4 Nf5 18. a5 Nxg3 19. axb6 Nh5 20. Rxa7 Rb8 21. Be4 Bc8 22. g3 f5 23. Bc2 g4 24. hxg4 fxg4 25. Ne5 Qxd4 26. Ra4 Qc5 27. Rc4 Qa5 28. Qb5 Qxb5 29. Nxb5 Nf6 30. Nc7 Rf8 31. b4 Nd5 32. Rxg4 Nxb6 33. Rh4 Nd7 34. Ng6+ Kg8 35. Nxf8 Nxf8 36. Bb3 Kf7 37. Rhe4 Bc3 38. R1e3 Bd2 39. Re2 Bc3 40. b5 Bf6 41. Nxe6 Bxe6 42. Bxe6+ Kg7 43. Bf5 Rd8 44. Rc4 Rd5 45. Rc7+ Kh6 46. Be4 Rxb5 47. Rxb7 Rxb7 48. Bxb7 Nd7 49. Kg2 Kg7 50. f4 h6 51. Rc2 1-0

[Event "Catalunya-chT Gp2"]
[Site "Barcelona"]
[Date "2023.01.28"]
[Round "2.3"]
[White "Alonso Garcia, Rene Marcial"]
[Black "Ayats Llobera, Gerard"]
[Result "1/2-1/2"]
[WhiteElo "2325"]
[BlackElo "2447"]
[PlyCount "53"]
[EventDate "2023.01.21"]
[EventType "team-tourn"]
[EventRounds "7"]
[EventCountry "ESP"]
[SourceTitle "CBM 213 Extra"]
[Source "ChessBase"]
[SourceDate "2023.05.31"]
[SourceVersion "1"]
[SourceVersionDate "2023.05.31"]
[SourceQuality "1"]
[WhiteTeam "Cerdanyola Valles"]
[BlackTeam "Barcelona Escacs CC"]
[WhiteTeamCountry "ESP"]
[BlackTeamCountry "ESP"]

1. e4 c5 2. Nf3 d6 3. d4 cxd4 4. Nxd4 Nf6 5. Nc3 a6 6. Bc4 e6 7. 0-0 b5 8. Bb3 Be7 9. Be3 Qc7 10. f4 0-0 11. f5 b4 12. Na4 e5 13. Ne2 Nbd7 14. Ng3 Bb7 15. c3 a5 16. Rc1 Qb8 17. Qf3 Bc6 18. cxb4 Bb5 19. bxa5 Rxa5 20. Nc3 Bxf1 21. Rxf1 Bd8 22. Kh1 Bb6 23. Bg5 Bd4 24. Nd5 Nxd5 25. Bxd5 Rxd5 26. exd5 f6 27. Bc1 1/2-1/2

[Event "Catalunya-chT Gp2"]
[Site "Barcelona"]
[Date "2022.03.05"]
[Round "7.3"]
[White "Boix Moreno, Daniel"]
[Black "Alonso Garcia, Rene Marcial"]
[Result "0-1"]
[WhiteElo "2305"]
[BlackElo "2329"]
[PlyCount "70"]
[EventDate "2022.01.22"]
[EventType "team-tourn"]
[EventRounds "9"]
[EventCountry "ESP"]
[SourceTitle "CBM 208 Extra"]
[Source "ChessBase"]
[SourceDate "2022.07.31"]
[SourceVersion "1"]
[SourceVersionDate "2022.07.31"]
[SourceQuality "1"]
[WhiteTeam "Tres Peons"]
[BlackTeam "Cerdanyola Valles"]
[WhiteTeamCountry "ESP"]
[BlackTeamCountry "ESP"]

1. e4 c6 2. d4 d5 3. e5 c5 4. Nf3 cxd4 5. Nxd4 e6 6. Bd3 Bc5 7. Nb3 Bb6 8. 0-0 Ne7 9. N1d2 Nd7 10. Nf3 Ng6 11. Qe2 0-0 12. Bg5 Qc7 13. Bxg6 fxg6 14. Be7 Rf7 15. Bd6 Qd8 16. c4 dxc4 17. Qxc4 Nf8 18. Rad1 h6 19. h4 Bd7 20. Qg4 Kh7 21. Nbd4 Qe8 22. Qe4 Kg8 23. Rc1 Rc8 24. Qxb7 Bc6 25. Qa6 Bb7 26. Qa3 Bd5 27. Bc5 Rb8 28. b4 Nd7 29. Qd3 Rf4 30. a4 Rd8 31. Bxb6 Nxb6 32. a5 Bxf3 33. axb6 Rdxd4 34. Qa6 Rg4 35. g3 axb6 0-1

[Event "Catalunya-chT Gp2"]
[Site "Barcelona"]
[Date "2022.02.12"]
[Round "4.3"]
[White "Mendez Camarasa, Fernando"]
[Black "Alonso Garcia, Rene Marcial"]
[Result "1/2-1/2"]
[WhiteElo "2260"]
[BlackElo "2329"]
[PlyCount "39"]
[EventDate "2022.01.22"]
[EventType "team-tourn"]
[EventRounds "9"]
[EventCountry "ESP"]
[SourceTitle "CBM 208 Extra"]
[Source "ChessBase"]
[SourceDate "2022.07.31"]
[SourceVersion "1"]
[SourceVersionDate "2022.07.31"]
[SourceQuality "1"]
[WhiteTeam "Platja D'Aro"]
[BlackTeam "Cerdanyola Valles"]
[WhiteTeamCountry "ESP"]
[BlackTeamCountry "ESP"]

1. c4 g6 2. Nc3 Bg7 3. g3 d6 4. Bg2 c6 5. e4 a6 6. Nge2 b5 7. d3 Nd7 8. 0-0 Bb7 9. Be3 Ne5 10. b3 Ng4 11. Bd2 N8f6 12. h3 Ne5 13. Be3 0-0 14. f4 Ned7 15. g4 e6 16. Qd2 Ne8 17. Rae1 Nc7 18. Ng3 d5 19. e5 c5 20. Bf2 1/2-1/2

[Event "Catalunya-chT Gp1"]
[Site "Barcelona"]
[Date "2020.01.25"]
[Round "2.3"]
[White "Villanueva, Mario Nicolas"]
[Black "Alonso Garcia, Rene Marcial"]
[Result "1-0"]
[WhiteElo "2488"]
[BlackElo "2334"]
[PlyCount "115"]
[EventDate "2020.01.18"]
[EventType "team-tourn"]
[EventRounds "7"]
[EventCountry "ESP"]
[SourceTitle "CBM 194 Extra"]
[Source "ChessBase"]
[SourceDate "2020.03.31"]
[SourceVersion "1"]
[SourceVersionDate "2020.03.31"]
[SourceQuality "1"]
[WhiteTeam "Mollet"]
[BlackTeam "Cerdanyola Valles"]
[WhiteTeamCountry "ESP"]
[BlackTeamCountry "ESP"]

1. e4 c5 2. Nf3 Nc6 3. d4 cxd4 4. Nxd4 g6 5. c4 Bg7 6. Be3 Nf6 7. Nc3 Ng4 8. Qxg4 Nxd4 9. Qd1 e5 10. h4 d6 11. h5 Be6 12. Qd2 0-0 13. Bd3 Rc8 14. b3 f5 15. hxg6 hxg6 16. exf5 gxf5 17. Bxd4 exd4 18. Ne2 Rc5 19. Kf1 Re5 20. Nxd4 Qf6 21. Rd1 Bf7 22. Nf3 Re7 23. Qg5 Qxg5 24. Nxg5 Bg6 25. Be2 Rfe8 26. Bf3 Bf6 27. Nh3 Be5 28. g3 Kg7 29. Kg2 Rh8 30. Nf4 Rxh1 31. Kxh1 Bf7 32. Kg2 b6 33. Nd3 Bc3 34. Nf4 Be5 35. Ne2 Be8 36. Nd4 Bd7 37. Ne2 Be8 38. Rd3 Bg6 39. Rd2 Be8 40. Rd3 Bg6 41. Re3 Rc7 42. Bd5 Bh5 43. Nf4 Bxf4 44. gxf4 Kf8 45. Re6 Rg7+ 46. Kh3 Bf7 47. Rxd6 Ke7 48. Rc6 Kd7 49. Rf6 Bg6 50. a4 Ke7 51. Rc6 Kd7 52. a5 bxa5 53. Ra6 Kc8 54. Rxa5 Kb8 55. Rb5+ Kc8 56. Be6+ Kc7 57. Bxf5 Be8 58. Re5 1-0

[Event "San Cristobal de La Laguna op 2nd"]
[Site "San Cristobal de la Laguna"]
[Date "2019.09.06"]
[Round "7"]
[White "Alonso Garcia, Rene Marcial"]
[Black "Saric, Ante"]
[Result "0-1"]
[WhiteElo "2342"]
[BlackElo "2557"]
[PlyCount "122"]
[EventDate "2019.08.31"]
[EventType "swiss"]
[EventRounds "9"]
[EventCountry "ESP"]
[SourceTitle "EXT 2020"]
[Source "ChessBase"]
[SourceDate "2019.10.17"]
[SourceVersion "1"]
[SourceVersionDate "2019.10.17"]
[SourceQuality "1"]

1. d4 Nf6 2. c4 e6 3. Nc3 Bb4 4. a3 Bxc3+ 5. bxc3 0-0 6. f3 d5 7. cxd5 exd5 8. e3 Bf5 9. Ne2 c5 10. g4 Bd7 11. Ng3 cxd4 12. cxd4 Bb5 13. Bg2 Nc6 14. Kf2 Ne8 15. Re1 Nd6 16. Kg1 Nc4 17. Ra2 Re8 18. Bf1 Qa5 19. Bxc4 Bxc4 20. Rd2 b5 21. Nf5 Rad8 22. Bb2 g6 23. Ng3 b4 24. axb4 Nxb4 25. Bc3 Qa3 26. Bb2 Qa6 27. e4 Nd3 28. Rxd3 Bxd3 29. Qd2 Rb8 30. Bc1 Rbc8 31. Qf4 Rc2 32. Bd2 Qb6 33. Be3 Qc7 34. e5 Qc3 35. Rd1 Ra2 36. Rd2 Ra1+ 37. Kg2 Qc4 38. Kh3 Ra6 39. Qh6 Bf1+ 40. Kh4 f6 41. Rf2 g5+ 42. Bxg5 fxg5+ 43. Qxg5+ Rg6 44. Qe3 Bd3 45. Nh5 Bc2 46. Nf4 Qb3 47. Qd2 Rc6 48. Nh5 Bg6 49. Qg5 Qb4 50. Nf4 Qe1 51. Nd3 Qc3 52. Nf4 Qxd4 53. Re2 Qc5 54. Kg3 d4 55. h4 Qe7 56. Qh6 Qg7 57. Qxg7+ Kxg7 58. h5 Bc2 59. e6 d3 60. Rh2 Rexe6 61. Nxe6+ Rxe6 0-1

[Event "San Cristobal de La Laguna op 2nd"]
[Site "San Cristobal de la Laguna"]
[Date "2019.09.05"]
[Round "6"]
[White "Alonso Garcia, Rene Marcial"]
[Black "Alvarez Alonso, Alberto"]
[Result "1-0"]
[WhiteElo "2342"]
[BlackElo "1986"]
[PlyCount "79"]
[EventDate "2019.08.31"]
[EventType "swiss"]
[EventRounds "9"]
[EventCountry "ESP"]
[SourceTitle "EXT 2020"]
[Source "ChessBase"]
[SourceDate "2019.10.17"]
[SourceVersion "1"]
[SourceVersionDate "2019.10.17"]
[SourceQuality "1"]

1. d4 d5 2. c4 e6 3. Nf3 Nf6 4. Nc3 Be7 5. Bg5 0-0 6. e3 Nbd7 7. cxd5 exd5 8. Bd3 c6 9. Qc2 Re8 10. 0-0 Nf8 11. Rae1 h6 12. Bf4 Ne6 13. Bg3 c5 14. dxc5 Nxc5 15. Nb5 Nfe4 16. Bc7 Qd7 17. Ne5 Qe6 18. Nd4 Qf6 19. Bb5 Rf8 20. f3 Ng5 21. b4 Nce6 22. Ng4 Qg6 23. Nf5 Bxb4 24. Bd3 Qh5 25. Nfxh6+ Kh8 26. Rb1 Bc5 27. Be5 Bxe3+ 28. Nxe3 Qxh6 29. Nf5 Qh5 30. h4 Nh3+ 31. gxh3 Nc5 32. Qg2 Qg6 33. Bxg7+ Kh7 34. Bxf8 Nxd3 35. Qxg6+ fxg6 36. Nd4 Bxh3 37. Rxb7+ Kg8 38. Rd1 Bc8 39. Rc7 Nb2 40. Rb1 1-0

[Event "San Cristobal de La Laguna op 2nd"]
[Site "San Cristobal de la Laguna"]
[Date "2019.09.04"]
[Round "5"]
[White "Hernandez Leon, Sergio"]
[Black "Alonso Garcia, Rene Marcial"]
[Result "0-1"]
[WhiteElo "2088"]
[BlackElo "2342"]
[PlyCount "72"]
[EventDate "2019.08.31"]
[EventType "swiss"]
[EventRounds "9"]
[EventCountry "ESP"]
[SourceTitle "EXT 2020"]
[Source "ChessBase"]
[SourceDate "2019.10.17"]
[SourceVersion "1"]
[SourceVersionDate "2019.10.17"]
[SourceQuality "1"]

1. e4 g6 2. d4 Bg7 3. Nc3 d6 4. f4 a6 5. Nf3 b5 6. Bd3 Nd7 7. e5 c5 8. Be4 Rb8 9. 0-0 Nh6 10. h3 0-0 11. Be3 b4 12. Na4 Qc7 13. c3 a5 14. Rc1 Bb7 15. Bd3 bxc3 16. bxc3 c4 17. Bc2 e6 18. Qe2 Nf5 19. Bf2 Qc6 20. Nb2 Nb6 21. Rfe1 Bh6 22. Qd2 dxe5 23. Rxe5 Nd5 24. Ba4 Bxf4 25. Bxc6 Bxd2 26. Nxd2 Bxc6 27. Nbxc4 Nf4 28. Rb1 Rxb1+ 29. Nxb1 Bd5 30. Nbd2 Rc8 31. Ne3 Rxc3 32. Nxd5 exd5 33. Nb3 a4 34. Nc5 Rc1+ 35. Kh2 Rc2 36. g4 Rxf2+ 0-1

[Event "San Cristobal de La Laguna op 2nd"]
[Site "San Cristobal de la Laguna"]
[Date "2019.09.03"]
[Round "4"]
[White "Alonso Garcia, Rene Marcial"]
[Black "Kogan, Artur"]
[Result "0-1"]
[WhiteElo "2342"]
[BlackElo "2506"]
[PlyCount "60"]
[EventDate "2019.08.31"]
[EventType "swiss"]
[EventRounds "9"]
[EventCountry "ESP"]
[SourceTitle "EXT 2020"]
[Source "ChessBase"]
[SourceDate "2019.10.17"]
[SourceVersion "1"]
[SourceVersionDate "2019.10.17"]
[SourceQuality "1"]

1. d4 d5 2. c4 dxc4 3. Nf3 Nf6 4. e3 Bg4 5. Bxc4 e6 6. h3 Bh5 7. Nc3 Nc6 8. Bb5 Bd6 9. e4 Bb4 10. Bxc6+ bxc6 11. Qa4 Bxc3+ 12. bxc3 0-0 13. Bg5 h6 14. Bxf6 Qxf6 15. Ne5 Qg5 16. 0-0 f6 17. f4 Qg3 18. Nd7 Rf7 19. Nc5 Qxc3 20. Kh2 e5 21. Rac1 Qe3 22. dxe5 fxe5 23. Qxc6 Rb8 24. fxe5 Qg5 25. Rxf7 Bxf7 26. Nd3 Rd8 27. Qc3 Rxd3 28. Qxd3 Qxc1 29. Qd8+ Kh7 30. Qe7 Qc4 0-1

[Event "Catalunya-chT GpB final"]
[Site "Barcelona"]
[Date "2019.03.09"]
[Round "1.4"]
[White "Alonso Garcia, Rene Marcial"]
[Black "Sole Pijuan, Ferran"]
[Result "1-0"]
[WhiteElo "2346"]
[BlackElo "2180"]
[PlyCount "75"]
[EventDate "2019.03.09"]
[EventType "team-tourn"]
[EventRounds "4"]
[EventCountry "ESP"]
[SourceTitle "EXT 2020"]
[Source "ChessBase"]
[SourceDate "2019.10.17"]
[SourceVersion "1"]
[SourceVersionDate "2019.10.17"]
[SourceQuality "1"]
[WhiteTeam "Cerdanyola Valles"]
[BlackTeam "Lleida"]
[WhiteTeamCountry "ESP"]
[BlackTeamCountry "ESP"]

1. d4 d5 2. c4 c6 3. e3 Nf6 4. Nc3 a6 5. a4 Bf5 6. Qb3 Ra7 7. a5 e6 8. Qb6 Qxb6 9. axb6 Ra8 10. c5 Nbd7 11. Nf3 h6 12. b4 Rd8 13. Nd2 Nb8 14. Nb3 Kd7 15. f3 g5 16. Be2 Bg7 17. 0-0 Rhe8 18. Kh1 Kc8 19. Bd2 Bg6 20. Rfc1 Nfd7 21. Ra3 e5 22. b5 axb5 23. Bxb5 exd4 24. exd4 Nf8 25. Bf1 Rd7 26. Be1 f5 27. g3 Rde7 28. Bf2 Ne6 29. Bd3 Nf8 30. Ra8 f4 31. Bf1 Bf5 32. Rca1 Bf6 33. R1a2 Ne6 34. Na5 Nd8 35. Bg2 h5 36. Nxd5 cxd5 37. c6 Ndxc6 38. Nxc6 1-0

[Event "Catalunya-chT Gp2"]
[Site "Barcelona"]
[Date "2019.02.23"]
[Round "6.4"]
[White "Alonso Garcia, Rene Marcial"]
[Black "Garcia Paolicchi, Raul"]
[Result "1/2-1/2"]
[WhiteElo "2348"]
[BlackElo "2144"]
[PlyCount "41"]
[EventDate "2019.01.19"]
[EventType "team-tourn"]
[EventRounds "7"]
[EventCountry "ESP"]
[SourceTitle "CBM 189 Extra"]
[Source "ChessBase"]
[SourceDate "2019.06.03"]
[SourceVersion "1"]
[SourceVersionDate "2019.06.03"]
[SourceQuality "1"]
[WhiteTeam "Cerdanyola Valles"]
[BlackTeam "Andorra"]
[WhiteTeamCountry "ESP"]
[BlackTeamCountry "AND"]

1. d4 d5 2. c4 dxc4 3. Nf3 a6 4. e3 b5 5. a4 Bb7 6. b3 e6 7. axb5 axb5 8. Rxa8 Bxa8 9. bxc4 bxc4 10. Bxc4 Nf6 11. 0-0 Be7 12. Bb5+ Nbd7 13. Ne5 0-0 14. Nc6 Bxc6 15. Bxc6 Nb8 16. Bf3 c5 17. dxc5 Bxc5 18. Qxd8 Rxd8 19. Rd1 Rxd1+ 20. Bxd1 Nbd7 21. Nc3 1/2-1/2

[Event "Catalunya-chT Gp2"]
[Site "Barcelona"]
[Date "2019.02.16"]
[Round "5.4"]
[White "Alonso Garcia, Rene Marcial"]
[Black "Triadu Cassa, Jordi"]
[Result "1-0"]
[WhiteElo "2348"]
[BlackElo "2133"]
[PlyCount "77"]
[EventDate "2019.01.19"]
[EventType "team-tourn"]
[EventRounds "7"]
[EventCountry "ESP"]
[SourceTitle "CBM 189 Extra"]
[Source "ChessBase"]
[SourceDate "2019.06.03"]
[SourceVersion "1"]
[SourceVersionDate "2019.06.03"]
[SourceQuality "1"]
[WhiteTeam "Cerdanyola Valles"]
[BlackTeam "Olot"]
[WhiteTeamCountry "ESP"]
[BlackTeamCountry "ESP"]

1. Nf3 d5 2. d4 Nf6 3. c4 c6 4. Nc3 dxc4 5. a4 Bf5 6. Ne5 Nbd7 7. Nxc4 Qc7 8. Qd2 e6 9. Qf4 Qxf4 10. Bxf4 Nb6 11. Nd6+ Bxd6 12. Bxd6 Rd8 13. Bc5 Nfd7 14. e4 Bg6 15. h4 f6 16. h5 Bf7 17. a5 Nc8 18. Ba3 a6 19. 0-0-0 Na7 20. f4 Nb5 21. Nxb5 cxb5 22. h6 g6 23. Rh3 Rc8+ 24. Kb1 Nb8 25. d5 exd5 26. exd5 Kd7 27. Re3 Rhe8 28. Rxe8 Rxe8 29. Bc5 f5 30. b4 Kc8 31. Bd6 Kd7 32. Be5 Rc8 33. Be2 Ke8 34. g4 Nd7 35. gxf5 gxf5 36. Bd3 Nxe5 37. fxe5 Bxd5 38. Bxf5 Rd8 39. Kb2 1-0

[Event "Catalunya-chT Gp2"]
[Site "Barcelona"]
[Date "2019.01.26"]
[Round "2.4"]
[White "Alonso Moyano, Jonathan"]
[Black "Alonso Garcia, Rene Marcial"]
[Result "1-0"]
[WhiteElo "2374"]
[BlackElo "2348"]
[PlyCount "107"]
[EventDate "2019.01.19"]
[EventType "team-tourn"]
[EventRounds "7"]
[EventCountry "ESP"]
[SourceTitle "CBM 188 Extra"]
[Source "ChessBase"]
[SourceDate "2019.02.26"]
[SourceVersion "1"]
[SourceVersionDate "2019.02.26"]
[SourceQuality "1"]
[WhiteTeam "Barbera"]
[BlackTeam "Cerdanyola Valles"]
[WhiteTeamCountry "ESP"]
[BlackTeamCountry "ESP"]

1. e4 e6 2. d4 d5 3. Nd2 c5 4. exd5 Qxd5 5. Ngf3 cxd4 6. Bc4 Qd7 7. Nb3 Bb4+ 8. Bd2 Bxd2+ 9. Qxd2 Nf6 10. Nbxd4 0-0 11. 0-0-0 Qc7 12. Bb3 Na6 13. Rhe1 Nc5 14. Kb1 Bd7 15. Qe2 a5 16. a3 Bc6 17. Ba2 Qb6 18. Ka1 Na4 19. c3 Bd5 20. Bxd5 Nxd5 21. Qb5 Nc5 22. Qxb6 Nxb6 23. b3 Rfd8 24. a4 f6 25. Rb1 e5 26. Nb5 Rd7 27. Ka2 Nd3 28. Rf1 Rad8 29. Rbd1 Nb4+ 30. cxb4 Rxd1 31. Rxd1 Rxd1 32. bxa5 Nd5 33. Kb2 Rf1 34. Nd6 Rxf2+ 35. Ka3 Rxg2 36. Nxb7 Nc7 37. Nd6 Rf2 38. Ng1 f5 39. b4 e4 40. b5 e3 41. a6 e2 42. Nxe2 Rxe2 43. a7 Na8 44. a5 Re7 45. b6 f4 46. Nf5 Rd7 47. Kb4 g6 48. Nh6+ Kf8 49. Kb5 Ke7 50. Kc6 Kd8 51. a6 f3 52. b7 f2 53. b8Q+ Ke7 54. Qe5+ 1-0

[Event "Spilimbergo op 16th"]
[Site "Spilimbergo"]
[Date "2018.08.15"]
[Round "9"]
[White "Alonso Garcia, Rene Marcial"]
[Black "Karthik, Venkataraman"]
[Result "0-1"]
[WhiteElo "2344"]
[BlackElo "2502"]
[PlyCount "80"]
[EventDate "2018.08.10"]
[EventType "swiss"]
[EventRounds "9"]
[EventCountry "ITA"]
[SourceTitle "CBM 186 Extra"]
[Source "ChessBase"]
[SourceDate "2018.08.24"]
[SourceVersion "1"]
[SourceVersionDate "2018.08.24"]
[SourceQuality "1"]

1. d4 Nf6 2. Nf3 e6 3. a3 c5 4. e3 b6 5. c4 d6 6. Nc3 Nbd7 7. Be2 Be7 8. 0-0 0-0 9. b3 a6 10. Bb2 Bb7 11. Nd2 Qb8 12. Bf3 b5 13. dxc5 Nxc5 14. Be2 bxc4 15. Nxc4 a5 16. b4 axb4 17. axb4 Rxa1 18. Bxa1 Ncd7 19. Qa4 d5 20. Na5 Ba8 21. Rb1 Nb6 22. Qa2 e5 23. Nb5 Rc8 24. Qb2 Nbd7 25. Qd2 Ne4 26. Qe1 Bh4 27. g3 Be7 28. Rc1 Rxc1 29. Qxc1 Bxb4 30. Nc6 Bxc6 31. Qxc6 Nef6 32. g4 h6 33. h4 Qd8 34. Kg2 Qa5 35. Bb2 Qa2 36. Qc8+ Bf8 37. Qc1 Ne4 38. Nc3 Nxc3 39. Qxc3 Nb6 40. Bb5 d4 0-1

[Event "Catalunya-chT Gp2"]
[Site "Barcelona"]
[Date "2018.02.17"]
[Round "5.4"]
[White "Porras Mateo, Felipe"]
[Black "Alonso Garcia, Rene Marcial"]
[Result "1/2-1/2"]
[WhiteElo "2349"]
[BlackElo "2355"]
[PlyCount "60"]
[EventDate "2018.01.20"]
[EventType "team-tourn"]
[EventRounds "7"]
[EventCountry "ESP"]
[SourceTitle "EXT 2019"]
[Source "ChessBase"]
[SourceDate "2018.10.10"]
[SourceVersion "1"]
[SourceVersionDate "2018.10.10"]
[SourceQuality "1"]
[WhiteTeam "Sant Josep de Badalona"]
[BlackTeam "Cerdanyola Valles"]
[WhiteTeamCountry "ESP"]
[BlackTeamCountry "ESP"]

1. d4 Nf6 2. c4 g6 3. g3 Bg7 4. Bg2 0-0 5. Nc3 d6 6. Nf3 Nbd7 7. 0-0 e5 8. e4 c6 9. h3 Qb6 10. c5 dxc5 11. dxe5 Ne8 12. e6 fxe6 13. Ng5 Ne5 14. f4 Nf7 15. Nxf7 Bd4+ 16. Kh2 Rxf7 17. e5 Nc7 18. Ne4 Nd5 19. Qe2 a5 20. Rd1 a4 21. a3 Bd7 22. h4 Raf8 23. Bh3 Qb5 24. Qc2 Qb3 25. Qxb3 axb3 26. Nd6 b5 27. Nxf7 Kxf7 28. Rd3 Ke7 29. Bg2 Ra8 30. Rxb3 c4 1/2-1/2